| 000 | 02746nam a2200673 i 4500 | ||
|---|---|---|---|
| 001 | nkc20233517490 | ||
| 003 | CZ PrSKC | ||
| 005 | 20260415090042.0 | ||
| 007 | ta | ||
| 008 | 230425s2023 xr ab e f 000 0 cze | ||
| 020 | _a9788024291772 | ||
| 040 |
_aBOA001 _bcze _dABA001 _erda |
||
| 072 | 7 |
_a913(4) _xGeografie Evropy, reálie, cestování _2Konspekt |
|
| 080 |
_a796.61 _2MRF |
||
| 080 |
_a796.6:625.7 _2MRF |
||
| 080 |
_a913:338.483.1 _2MRF |
||
| 080 |
_a913(1-192) _2MRF |
||
| 080 |
_a913(437.3) _2MRF |
||
| 080 |
_a913(438) _2MRF |
||
| 080 |
_a913(437.6) _2MRF |
||
| 080 |
_a913(436) _2MRF |
||
| 080 |
_a913(430) _2MRF |
||
| 080 |
_a(4-191.2) _2MRF |
||
| 080 |
_a(437.3) _2MRF |
||
| 080 |
_a(438) _2MRF |
||
| 080 |
_a(437.6) _2MRF |
||
| 080 |
_a(436) _2MRF |
||
| 080 |
_a(430) _2MRF |
||
| 080 |
_a(036)796.61 _2MRF |
||
| 100 | 1 |
_aPaulík, Ivo, _d1975- _4aut _920190 |
|
| 245 | 1 | 0 |
_aNa kole přes hranice Česka / _cIvo Paulík |
| 250 | _aVydání první | ||
| 264 | 1 |
_aPraha : _bEuromedia Group, _c2023 |
|
| 300 |
_a159 stran : _bbarevné ilustrace, mapy ; _c25 cm |
||
| 490 | 1 | _aUniversum | |
| 520 | 2 |
_aTrasy z celého příhraničí Česka vás zavedou ke všem našim sousedním státům, tedy do Polska, na Slovensko, do Rakouska i Německa. _bS tímto průvodcem dojedete na hezká místa hned za našimi hranicemi i na ta o něco vzdálenější a v knize naleznete trasy navržené pro méně i více zdatné cyklisty, pro cestovní, krossová i horská kola, ale i pro rodiny s dětmi. Nakladatelská anotace. Kráceno. |
|
| 650 | 0 | 7 |
_acykloturistika _zEvropa střední _2czenas _920626 |
| 650 | 0 | 7 |
_acyklistické trasy _zEvropa střední _2czenas _920627 |
| 650 | 0 | 7 |
_aturistické zajímavosti _zEvropa střední _2czenas _920628 |
| 650 | 0 | 7 |
_apohraničí _zČesko _2czenas _98598 |
| 650 | 0 | 9 |
_abicycle touring _zEurope, Central _2eczenas _920629 |
| 650 | 0 | 9 |
_acycling routes _zEurope, Central _2eczenas _920630 |
| 650 | 0 | 9 |
_atourist sights _zEurope, Central _2eczenas _920631 |
| 650 | 0 | 9 |
_aborder region _zCzechia _2eczenas _98604 |
| 651 | 7 |
_aČesko _xreálie _2czenas _918726 |
|
| 651 | 7 |
_aPolsko _xreálie _2czenas _95202 |
|
| 651 | 7 |
_aSlovensko _xreálie _2czenas _920632 |
|
| 651 | 7 |
_aRakousko _xreálie _2czenas _920633 |
|
| 651 | 7 |
_aNěmecko _xreálie _2czenas _920634 |
|
| 651 | 9 |
_aCzechia _xdescription and travel _2eczenas _95163 |
|
| 651 | 9 |
_aPoland _xdescription and travel _2eczenas _95203 |
|
| 651 | 9 |
_aSlovakia _xdescription and travel _2eczenas _920635 |
|
| 651 | 9 |
_aAustria _xdescription and travel _2eczenas _920636 |
|
| 651 | 9 |
_aGermany _xdescription and travel _2eczenas _920637 |
|
| 655 | 7 |
_acykloturistické průvodce _91425 |
|
| 655 | 9 |
_acycling guidebooks _91427 |
|
| 910 | _aABG508 | ||
| 999 |
_c34161 _d34161 |
||